00488nam a22001457a 4500020002200000082001400022100001700036245007500053260003600128300000800164650002300172942000700195952012300202999001700325 a978-93-5029-438-3 a200.1 KAN aKansal, Ajay aThe Evolution of Gods: The Scientific Origin of Divinity and Religions aNew DelhibHarper Collinsc2012 a214 aReligion-Sociology cBK 00104070aHMIbHMIcGENd2017-10-27eDr. Yoginder Sikandg200.00l0o200.1 KANp11003576r2026-01-16w2026-01-16yBK c20693d20693